000 00308nam a2200097Ia 4500
008 220120s9999||||xx |||||||||||||| ||und||
100 _aManasa.A.C & Swetha.G.V
_912136
245 0 _aIndependent controle protection system
260 _aCoorg Institute of Technology
_bPonnampet
_c2002
650 _aCOMPUTER SCIENCE
999 _c137721
_d137721